000 00394nam a2200145Ia 4500
008 210210b1971 xxu||||| |||| 00| 0 eng d
082 _a541.38 NEWP
100 _aNEWTON (G W A) & ROBINSON (V J).
245 _aPrinciples of radiochemistry.
260 _aLondon
_bMacmillan & Co. Ltd.
_c1971
300 _aviii,79
650 _aRadiochemistry
690 _aPhysical Chemistry
906 _a031581
999 _c82756
_d82756